ROSS & WILSON ANATOMY & PHYSIOLOGY (Record no. 1938)

MARC details
000 -LEADER
fixed length control field 00345nam a2200145Ia 4500
008 - FIXED-LENGTH DATA ELEMENTS--GENERAL INFORMATION
fixed length control field 150201s2011 xx 000 0 und d
082 ## - DEWEY DECIMAL CLASSIFICATION NUMBER
Classification number 611
Item number R11W
100 ## - MAIN ENTRY--PERSONAL NAME
Personal name WAUGH , ANNE
245 ## - TITLE STATEMENT
Title ROSS & WILSON ANATOMY & PHYSIOLOGY
250 ## - EDITION STATEMENT
Edition statement 11TH
260 ## - PUBLICATION, DISTRIBUTION, ETC. (IMPRINT)
Name of publisher, distributor, etc. CHARCHILL
Place of publication, distribution, etc. INDIA
Date of publication, distribution, etc. 2011
300 ## - PHYSICAL DESCRIPTION
Extent 495
650 ## - SUBJECT ADDED ENTRY--TOPICAL TERM
Topical term or geographic name as entry element ANATOMY
942 ## - ADDED ENTRY ELEMENTS (KOHA)
Source of classification or shelving scheme Dewey Decimal Classification
Koha item type Books
Koha issues (borrowed), all copies 142
Holdings
Withdrawn status Lost status Source of classification or shelving scheme Damaged status Not for loan Collection code Home library Current library Shelving location Date acquired Source of acquisition Cost, normal purchase price SGTU Bill Number Total Checkouts Full call number Barcode Date last seen Date last checked out Bill Date Koha item type Total Renewals
    Dewey Decimal Classification     NURSING SGT Medical Library SGT Medical Library Text Book 19/04/2012 UBS DELHI 1263.00 SGTU 46 42 611 R11W FN405 06/11/2025 28/10/2025 19/04/2012 Books  
    Dewey Decimal Classification     NURSING SGT Medical Library SGT Medical Library Text Book 19/04/2012 UBS DELHI 1263.00 SGTU 46 31 611 R11W FN406 15/12/2025 28/11/2025 19/04/2012 Books 1
    Dewey Decimal Classification     NURSING SGT Medical Library SGT Medical Library Text Book 19/04/2012 UBS DELHI 1263.00 SGTU 46 56 611 R11W FN407 10/12/2025 17/11/2025 19/04/2012 Books 2
    Dewey Decimal Classification     NURSING SGT Medical Library SGT Medical Library Text Book 28/01/2013 NBM DELHI 0.00 SGTU 1345 34 611 R10W FN756 09/01/2026 25/12/2025 28/01/2013 Books 1
    Dewey Decimal Classification     NURSING SGT Medical Library SGT Medical Library Text Book 28/01/2013 NBM DELHI 0.00 SGTU 1345   611 R10W FN757 09/02/2015   28/01/2013 Books  
    Dewey Decimal Classification     NURSING SGT Medical Library SGT Medical Library Text Book 28/01/2013 NBM DELHI 0.00 SGTU 1345 41 611 R10W FN758 31/01/2026 16/01/2026 28/01/2013 Books  
    Dewey Decimal Classification     NURSING SGT Medical Library SGT Medical Library Text Book 28/01/2013 NBM DELHI 0.00 SGTU 1345 59 611 R10W FN759 19/01/2026 07/01/2026 28/01/2013 Books  
    Dewey Decimal Classification     NURSING SGT Medical Library SGT Medical Library Text Book 28/01/2013 NBM DELHI 0.00 SGTU 1345 53 611 R10W FN760 24/02/2025 12/02/2025 28/01/2013 Books 1